000
00334nam a22001217a 4500
040
_c
HS
082
_a
632
100
_a
គួយ សុផល
245
_a
Weed science វិទ្យាសាស្ត្ររុក្ខជាតិចង្រៃ
260
_a
RUA
_b
គួយ សុផល
_c
1997
300
_a
47p;
942
_c
KB
999
_c
9514
_d
9514